000 01837nam a22003137a 4500
008 250528b |||||||| |||| 00| 0 eng d
020 _a9781399818261
040 _ctbs
041 _aArabic
_aeng
100 _aAltorfer, Frances
_925366
_eauthor
245 _aBeginners' Arabic
_c/ Frances Altorfer.
260 _aLondon :
_bTeach Yourself,
_c2024.
300 _axxv, 181 pages :
_billustrations ;
_c20 cm.
490 _aTeach yourself
505 _aMapped to A1-B1 on the Common European Framework of Reference — Everyday phrases and expressions — A bilingual word list — Practice activities — Listening exercises with online audio.
520 _aBeginners' Arabic is for absolute beginners and those who've had some previous experience with the language and want to refresh their knowledge. Clear and simple explanations make the course appropriate and accessible to anyone learning Arabic. There are extensive illustrations and tools to help you plan your studies and track your progress, all designed to support learning on your own. This course is also ideal to use with one-to-one tutoring and as a classroom course, and it's the perfect resource to pair with a language-learning app.
650 0 _aArabic language
_vTextbooks for foreign speakers
_xEnglish
_925367
650 0 _aArabic language
_xConversation and phrase books
_xEnglish
_925368
650 0 _aArabic language
_xSelf-instruction
_925369
650 0 _aArabic language
_xStudy and teaching
_xForeign speakers
_925370
650 0 _aArabic
_xGrammar
_925371
655 0 _aPhrase books
_925062
655 0 _aProgrammed instructional materials
_925329
655 0 _aInstructional and educational works
_923270
655 0 _aInformational works
_923310
655 0 _aSelf-instructional works
_925331
700 _aSmart, Mairi
_925372
_eauthor
942 _2lcc
999 _c4707
_d4707